Baby Names 2017 - England & Wales - Statistics

General Stats
  • This quiz has been taken 119 times
  • The average score is 49 of 100
Answer Stats
Answer % Correct
Jack
91%
Jacob
91%
William
86%
Oliver
85%
Olivia
82%
Emilia
80%
Lucas
80%
Emily
79%
James
79%
Harry
76%
Thomas
76%
Elizabeth
75%
Charlotte
74%
Isabella
73%
Isabelle
73%
Lily
71%
Mia
71%
Amelia
70%
Harrison
70%
Joseph
70%
Ava
69%
George
69%
Henry
69%
Eliza
68%
Ellie
67%
Daniel
66%
Alexander
65%
Charlie
65%
David
65%
Samuel
65%
Sofia
65%
Sophia
65%
Sophie
65%
Noah
64%
Rosie
64%
Ella
63%
Evie
62%
Grace
62%
Jessica
62%
Edward
60%
Evelyn
58%
Benjamin
56%
Lucy
56%
Joshua
55%
Chloe
54%
Ethan
54%
Isla
54%
Eva
53%
Freddie
52%
Alice
51%
Leo
51%
Alfie
47%
Maisie
46%
Oscar
46%
Ruby
46%
Louie
45%
Adam
44%
Poppy
44%
Isaac
42%
Arthur
41%
Daisy
41%
Zachary
41%
Elijah
40%
Ivy
40%
Logan
40%
Freya
38%
Mason
38%
Archie
37%
Millie
37%
Aria
36%
Elsie
36%
Muhammad
35%
Max
34%
Theodore
34%
Willow
33%
Theo
32%
Florence
31%
Sebastian
31%
Mohammed
30%
Harper
29%
Maya
29%
Dylan
26%
Layla
26%
Lola
26%
Scarlett
25%
Sienna
25%
Finley
22%
Riley
21%
Erin
20%
Luna
20%
Imogen
18%
Matilda
18%
Esme
15%
Phoebe
15%
Reuben
13%
Jude
11%
Toby
11%
Hugo
9%
Teddy
8%
Arlo
7%
No matching quizzes found
Score Distribution
Percent of People with Each Score
Percentile by Number Answered
Your Score History
You have not taken this quiz